The archaeological guide to Ebla

محفوظ في:

المؤلف الرئيسي: Paolo Matthiae

التنسيق: كتاب

اللغة: Undetermined

منشور في: Damascus 1989

الوسوم: إضافة وسم

لا توجد وسوم, كن أول من يضع وسما على هذه التسجيلة!

رقم الطلب: (P)DS99 .E25 D35

LEADER 00277nam a2200109Ia 4500
008 240503s9999||||xx |||||||||||||| ||und||
050 4 |a (P)DS99 .E25 D35 
100 1 |a Paolo Matthiae 
245 1 4 |a The archaeological guide to Ebla  
264 1 |a Damascus  |c 1989 
942 |2 lcc  |c PT 
999 |c 58253  |d 58253